| 000 | 00993cam a2200253 4500 | ||
|---|---|---|---|
| 001 | WB3713-18 | ||
| 008 | 000000n2001 000 0 eng u | ||
| 035 | _a(Sirsi) u111674 | ||
| 245 | _aShock ruling on personal liability appals profession | ||
| 260 | _c2001 | ||
| 490 |
_aEstates Gazette _v (0112/24) 24 March 2001, 34(1) |
||
| 520 | _aFollowing the landmark Court of Appeal decision in "Merrett v Babb" (see WB3709-22) which found that an RICS member was personally liable for a mortgage valuation he gave over seven years earlier, even after the insolvency of his former employer; RICS is to appeal to the House of Lords. | ||
| 590 | _aWB | ||
| 650 | _aRICS NEWS | ||
| 650 | _aPROFESSIONAL INDEMNITY INSURANCE | ||
| 650 | _aMERRETT V BABB | ||
| 650 | _aHOUSE OF LORDS | ||
| 650 | _aEMPLOYEE'S DUTY OF CARE | ||
| 650 | _aSURVEYORS' LIABILITIES | ||
| 650 | _aPERSONAL LIABILITY | ||
| 650 | _aMORTGAGE VALUATION | ||
| 690 | _aPROFESSIONAL PRACTICE-NEGLIGENCE | ||
| 942 | _n0 | ||
| 999 |
_c66538 _d66538 |
||